| 000 | 006840000a22002290004500 | ||
|---|---|---|---|
| 003 | LK-CoMWRAF | ||
| 005 | 20231102115858.0 | ||
| 008 | 230817t ||||| |||| 00| 0 eng d | ||
| 040 |
_aLK-CoMWRAF _dLK-CoMWRAF _eLK-CoMWRAF |
||
| 041 | _aeng | ||
| 082 |
_a372.1 _bBEA |
||
| 100 | _aBeauchamp, Mary | ||
| 245 |
_aBuilding Brotherhood: _bWhat Can Elementary Schools do? |
||
| 260 |
_aNew York: _bNational Conference of Christians and Jews, |
||
| 300 | _a64 p. ; 23 cm. | ||
| 490 |
_aIntergroup education pamphlets _v8 |
||
| 650 | _aGROUP WORK IN EDUCATION | ||
| 700 | _aLlewellyn, Ardelle | ||
| 700 | _aWorley, Vivienne S. | ||
| 700 |
_aPatterson, Franklin _eed. |
||
| 942 | _cBK | ||
| 999 |
_c1762 _d1762 |
||